Biggest Cities in Central America - Statistics

General Stats
  • This quiz has been taken 50 times
  • The average score is 8 of 16
Answer Stats
Population Country City % Correct
2,110,100 Guatemala Guatemala City
100%
1,767,102 El Salvador San Salvador
98%
880,691 Panama Panama City
95%
1,048,134 Nicaragua Managua
93%
1,126,534 Honduras Tegucigalpa
93%
333,981 Costa Rica San Jose
91%
1,073,824 Honduras San Pedro Sula
51%
389,600 Nicaragua Leon
35%
661,375 Guatemala Quetzaltenango
21%
245,421 El Salvador Santa Ana
21%
688,124 Guatemala Mixco
16%
315,019 Panama San Miguelito
16%
710,218 Guatemala Villa Nueva
9%
310,000 Honduras El Progreso
7%
285,559 El Salvador Soyapango
7%
242,974 Honduras Choloma
2%
No matching quizzes found
Score Distribution
Percent of People with Each Score
Percentile by Number Answered
Your Score History
You have not taken this quiz